000 00216 a2200097 4500
001 19765
100 _aRichards, C
245 _aElectronic display & data system
260 _a
_bMcGraw-Hill
_c
090 _c14391
_d14391
942 _aNUST-CAE
_cM
_c4882
999 _c254838
_d254838